| 000 | 00000nam##2200000za#4500 |
| 001 | 9.599086 |
| 003 | CaOODSP |
| 005 | 20210624204906 |
| 007 | cr ||||||||||| |
| 008 | 150406|1999||||xxc|||||o f|0| 0 fre|d |
| 040 | |aCaOODSP|bfre |
| 043 | |an-cn--- |
| 086 | 1 |aBT31-2/2000-III-54F-PDF |
| 110 | 1 |aCanada. |bConseil du trésor. |
| 245 | 10|aMinistère des Finances Canada, budget des dépenses 1999-2000, partie III, rapport sur les plans et les priorités |h[ressource électronique] |
| 260 | |aOttawa - Ontario : |bSecrétariat du Conseil du Trésor du Canada |cc1999. |
| 300 | |a73p.|bgraphique, organigramme, tableaux |
| 490 | 1 |aBudget des dépenses 1999-2000. Partie III, Rapport sur les plans et les priorités |v1999-2000 |
| 500 | |aLe n° de catalogue (BT31-2/2000-III-54) et l'ISBN (0-660-60829-4) de l'édition imprimée bilingue ont été incorrectement copiés dans l'édition électronique. |
| 590 | |a10-13-Supp|b2010-11-23 |
| 775 | 08|tDepartment of Finance Canada, 1999–2000 estimates, part III, report on plans and priorities |w(CaOODSP)9.567762 |
| 776 | 0#|tDepartment of Finance Canada |w(CaOODSP)9.531658 |
| 776 | 0#|tMinistère des Finances Canada |w(CaOODSP)9.531659 |
| 830 | #0|aBudget des dépenses 1999-2000. Partie III, Rapport sur les plans et les priorités ;|v1999-2000|w(CaOODSP)9.502119 |
| 856 | 40|ahttp://publications.gc.ca|qPDF|s476 Ko|uhttps://publications.gc.ca/collections/Collection/BT31-2-2000-III-54F.pdf|y1999-2000 |